Varsity Vocals Trivia - Statistics

General Stats
  • This quiz has been taken 49 times
  • The average score is 25 of 39
Answer Stats
Hint Answer % Correct
The college competition offered by Varsity Vocals ICCA
100%
The first round in a Varsity Vocals competition Quarterfinal
95%
The top two groups of the last question advance to this round Semifinal
91%
Popular 2012 movie that highlighted these competitions Pitch Perfect
89%
The first place group of the last question advances to this round Finals
86%
Weight of 3rd place subjective ranking 10
84%
The first South-Asian fusion group to reach ICCA Finals Maize Mirchi
80%
If a group places 2nd or 3rd in their region, they are elligible for this round Wild Card
80%
The high school version of the previous question ICHSA
77%
Choreography
75%
Solo
75%
South
75%
Vocal Percussion
75%
Arrangement
73%
Compilation album curated by Varsity Vocals BOCA/BOHSA
73%
The most recent champions of ICCA, winning in both 2023 and 2025 The Pitchmen
73%
Great Lakes
70%
Northeast
70%
West
70%
Midwest
68%
The winningest group in the history of ICCA (5) The Socal Vocals
68%
Weight of 2nd place subjective ranking 20
66%
Weight of 1st place subjective ranking 30
64%
Southwest
61%
Weight of Visual Performance 50
59%
The typical number of groups in a Varsity Vocals competition Ten
57%
United Kingdom
57%
Weight of Vocal Performance 75
52%
Mid-Atlantic
48%
The venue where the last round of the competition is held Town Hall
48%
Maximum point total a group can achieve 465
45%
The current executive director of Varsity Vocals Amanda Newman
45%
Competition that ran from 2017-2021. Any a cappella group could join The Open
45%
Central
43%
Upcoming film about a group's ICCA journey to New York in 2023 Just Sing
43%
Champions of the 2021 Virtual Competition Faux Paz
39%
Group with the most appearances at finals (6) Scattertones
20%
The first group to win ICCA, in 1996 The Loreleis
11%
The only group to win in back-to back competition years in 1998 and 2000 UC Men's Octet
9%
No matching quizzes found
Score Distribution
Percent of People with Each Score
Percentile by Number Answered
Your Score History
You have not taken this quiz